Luật đầu tư công
Toàn văn Luật đầu tư Việt Nam ban hành ngày 30 tháng 6 năm 2014
Đã lưu trong:
| Nhiều tác giả của công ty: | , |
|---|---|
| 格式: | 圖書 |
| 語言: | Undetermined |
| 出版: |
Hà Nội
Chính trị Quốc gia
2014
|
| 主題: | |
| 標簽: |
添加標簽
沒有標簽, 成為第一個標記此記錄!
|
| Thư viện lưu trữ: | Trung tâm Học liệu Trường Đại học Cần Thơ |
|---|
| LEADER | 00830nam a2200241Ia 4500 | ||
|---|---|---|---|
| 001 | CTU_196847 | ||
| 008 | 210402s9999 xx 000 0 und d | ||
| 020 | |c 18000 | ||
| 082 | |a 346.597092 | ||
| 082 | |b V308 | ||
| 110 | |a Việt Nam (Cộng hòa Xã hội Chủ nghĩa) | ||
| 110 | |b Quốc hội | ||
| 245 | 0 | |a Luật đầu tư công | |
| 245 | 0 | |c Việt Nam (Cộng hòa Xã hội Chủ nghĩa). Quốc hội | |
| 260 | |a Hà Nội | ||
| 260 | |b Chính trị Quốc gia | ||
| 260 | |c 2014 | ||
| 520 | |a Toàn văn Luật đầu tư Việt Nam ban hành ngày 30 tháng 6 năm 2014 | ||
| 650 | |a Investment law,Luật đầu tư | ||
| 650 | |x Việt Nam | ||
| 650 | |z Vietnam | ||
| 904 | |i Nguyên | ||
| 980 | |a Trung tâm Học liệu Trường Đại học Cần Thơ | ||